[Event "Gori"]
[Site "Gori"]
[Date "1971.??.??"]
[Round "?"]
[White "Gurgenidze, Bukhuti"]
[Black "Dzindzichashvili, Roman"]
[Result "0-1"]
[WhiteElo "2540"]
[BlackElo "2480"]

1.e4 c5 2.Nf3 e6 3.Nc3 Nc6 4.Bb5 Nd4 5.O-O a6 6.Bd3 Ne7 7.Nxd4 cxd4 8.Ne2 Nc6
9.c3 Bc5 10.b4 Ba7 11.a4 O-O 12.Ba3 Ne5 13.Qc2 d5 14.exd5 Nxd3 15.Qxd3 dxc3
16.b5 Re8 17.d6 cxd2 18.Rad1 axb5 19.Rxd2 Bd7 20.Qg3 bxa4 21.Bb2 f6 22.Nf4 e5
23.Nh5 g6 24.Kh1 a3 25.Ba1 Kh8 26.f4 Bd4 27.fxe5 Bxa1 28.exf6 Qa5 29.f7 Qxd2
30.Qxa3 gxh5 31.fxe8=Q+ Rxe8 32.Qxa1+ Kg8 33.Qf6 Qd5 34.h3 Bxh3 35.Rf3 Bg4
36.Rf4 b5 37.Kh2 Bd7 38.Rf3 b4  0-1

[Event "Gori"]
[Site "Gori"]
[Date "1971.??.??"]
[Round "?"]
[White "Savon, Vladimir A"]
[Black "Dzindzichashvili, Roman"]
[Result "1-0"]
[WhiteElo "2570"]
[BlackElo "2480"]

1.e4 d5 2.exd5 Nf6 3.Bb5+ Bd7 4.Be2 Nxd5 5.d4 Bf5 6.Nf3 e6 7.O-O Nc6 8.a3 Be7
9.c4 Nb6 10.Nc3 Bg4 11.d5 exd5 12.cxd5 Bxf3 13.Bxf3 Ne5 14.Be4 Bd6 15.Qc2 h6
16.g3 O-O 17.Bg2 Re8 18.Rd1 Ng4 19.Ne4 Nf6 20.Nxd6 cxd6 21.Be3 Qd7 22.a4 Rec8
23.Qb3 Rc7 24.Bd4 Qf5 25.Rac1 Rac8 26.Rxc7 Rxc7 27.a5 Nc8 28.Re1 a6 29.h3 Ne7
30.Bb6 Rd7 31.g4 Qg5 32.Be3 Qh4 33.Bf4 Ng6 34.Bd2 Nh7 35.Re8+ Nhf8 36.Rb8 Qe7
37.Qe3 Qh4 38.Bb4 h5 39.Be4 Ne5 40.Bf5 Rd8 41.Rxd8 Qxd8 42.gxh5 Qf6 43.Be4 Nfd7
44.Bc3 Nc5 45.Bc2 Qf3 46.Qxf3 Nxf3+ 47.Kg2 Ne5 48.Bxe5 dxe5 49.b4 Nd7 50.Bf5 Nf6
51.d6 Kf8 52.Bc8 Nd5 53.b5 axb5 54.Bxb7 Nc3 55.a6  1-0

[Event "URS-chT Moscow"]
[Site "Moscow"]
[Date "1972.??.??"]
[Round "?"]
[White "Taimanov, Mark E"]
[Black "Dzindzichashvili, Roman"]
[Result "0-1"]
[WhiteElo "2590"]
[BlackElo "2500"]

1.d4 Nf6 2.Nf3 e6 3.c4 b6 4.Nc3 Bb7 5.e3 d5 6.cxd5 exd5 7.Bd2 a6 8.Rc1 Bd6
9.g3 O-O 10.Bg2 Nbd7 11.O-O Re8 12.Ne2 c5 13.dxc5 bxc5 14.Nf4 Ne4 15.Qc2 Qb6
16.Rfd1 Bxf4 17.gxf4 Re6 18.Be1 a5 19.Nh4 c4 20.Bh3 Rh6 21.Bxd7 Rxh4 22.f3 Qxe3+
23.Kg2 Rxf4 24.Bg4 Rxg4+ 25.fxg4 d4 26.Kf1 Qf3+  0-1

[Event "URS-chT Moscow"]
[Site "Moscow"]
[Date "1972.??.??"]
[Round "?"]
[White "Eropov, Ivan M"]
[Black "Dzindzichashvili, Roman"]
[Result "0-1"]
[WhiteElo "2200"]
[BlackElo "2500"]

1.c4 Nf6 2.Nc3 e5 3.Nf3 d6 4.d4 Nbd7 5.g3 c6 6.Bg2 e4 7.Ng5 d5 8.cxd5 cxd5
9.Qb3 h6 10.Nh3 Nb6 11.Bf4 Bd6 12.Bxd6 Qxd6 13.Rc1 Bd7 14.Nb5 Bxb5 15.Qxb5+ Nfd7
16.e3 O-O 17.O-O a6 18.Qe2 Rac8 19.Nf4 Rc6 20.h4 Rfc8 21.Rxc6 Rxc6 22.Bh3 Nf6
23.Rd1 Qc7 24.Ng2 Rc2 25.Rd2 Rc1+ 26.Kh2 Qc4 27.b3 Qc3 28.Rb2 Kf8 29.Qd2 Qxd2
30.Rxd2 g5 31.hxg5 hxg5 32.Bf5 Ke7 33.g4 Ne8 34.Kg3 Nd6 35.Bh7 Nd7 36.f4 Nf6
37.Bf5 Nxf5+ 38.gxf5 g4 39.Nh4 Rh1 40.Ng2 Rh3+ 41.Kf2 Rf3+ 42.Ke1 Nh5 43.Rc2 Ng3
44.Nh4 Rf1+ 45.Kd2 Rf2+ 46.Kc1 Rxc2+ 47.Kxc2 b5  0-1

[Event "URS-chT Moscow"]
[Site "Moscow"]
[Date "1972.??.??"]
[Round "?"]
[White "Dzindzichashvili, Roman"]
[Black "Grigorian, Karen Ashotovich"]
[Result "1-0"]
[WhiteElo "2500"]
[BlackElo "2470"]

1.d4 Nf6 2.c4 g6 3.Nf3 Bg7 4.g3 O-O 5.Bg2 d5 6.cxd5 Nxd5 7.O-O Nc6 8.Nc3 Nb6
9.Bf4 Be6 10.Qc1 Nxd4 11.Nxd4 Qxd4 12.Bxb7 Rab8 13.Bg2 Nc4 14.Rd1 Qb6 15.b3 Qb4
16.Nd5 Bxd5 17.Bxd5 Nb6 18.Rb1 Nxd5 19.Rxd5 Qe4 20.Qd1 c6 21.Rd7 Rb5 22.Rc1 Rd5
23.Rxd5 cxd5 24.Qd3 Qxd3 25.exd3 e5 26.Be3 d4 27.Bd2 f5 28.f3 Bf6 29.b4 Re8
30.Kf2 Re7 31.a4 Rb7 32.b5 Kf7 33.Ba5 Be7 34.Rc7 Rxc7 35.Bxc7 Ke6 36.a5 Kd5
37.a6 Bc5 38.Ke2 Ke6 39.Kd1 Kd7 40.Bxe5 Bb6 41.Kc2 Ke6 42.Bf4 Kd5 43.Kb3 Kc5
44.Ka4  1-0

[Event "URS-ch sf"]
[Site "Tbilisi"]
[Date "1973.??.??"]
[Round "2"]
[White "Makarichev, Sergey"]
[Black "Dzindzichashvili, Roman"]
[Result "1/2-1/2"]
[WhiteElo "2390"]
[BlackElo "2520"]

1.e4 c5 2.Nf3 e6 3.c3 d5 4.exd5 Qxd5 5.d4 Nf6 6.Be3 Nc6 7.Na3 cxd4 8.Nb5 Qd7
9.Nbxd4 Nd5 10.Bb5 Nxe3 11.fxe3 Qc7 12.Ba4 Be7 13.Nxc6 bxc6 14.Nd4 O-O 15.Qf3 Rb8
16.O-O-O Bb7 17.Bc2 c5 18.Qh3 h6 19.Nxe6 Qb6 20.Nxf8 Bc8 21.Nd7 Qxb2+ 22.Kd2 Bxd7
23.Qxd7 Rd8 24.Qxd8+ Bxd8 25.Rb1 Qxa2 26.Rb8 Qd5+ 27.Kc1 Qd6  1/2-1/2

[Event "URS-JUG"]
[Site "Tbilisi"]
[Date "1973.??.??"]
[Round "3"]
[White "Dzindzichashvili, Roman"]
[Black "Ivanovic, Bozidar"]
[Result "1-0"]
[WhiteElo "2520"]
[BlackElo "2390"]

1.c4 g6 2.Nc3 Bg7 3.d4 d6 4.e4 Nd7 5.Nf3 e5 6.d5 Nh6 7.Be2 O-O 8.O-O a5 9.a3 Nc5
10.b3 f5 11.Bg5 Qe8 12.Nd2 Nf7 13.Be3 Bh6 14.b4 Nd7 15.exf5 gxf5 16.Bxh6 Nxh6
17.Nb5 Qd8 18.c5 dxc5 19.Qb3 Kh8 20.Rac1 axb4 21.axb4 Rf6 22.Nc4 Nf7 23.bxc5 c6
24.dxc6 bxc6 25.Nbd6 Qf8 26.Nxf7+ Qxf7 27.Qc3 Qe6 28.Rfd1 Nxc5 29.Nb6 Na4
30.Qg3 Rg6 31.Rd8+ Kg7 32.Qa3 Qf6 33.Rxc8 Nxb6 34.Rxa8 Nxa8 35.Qa7+ Kh6 36.Qxa8 Qg5
37.Qf8+  1-0

[Event "URS-JUG"]
[Site "Tbilisi"]
[Date "1973.??.??"]
[Round "4"]
[White "Ivkov, Borislav"]
[Black "Dzindzichashvili, Roman"]
[Result "1/2-1/2"]
[WhiteElo "2520"]
[BlackElo "2520"]

1.Nf3 Nf6 2.c4 e6 3.d4 b6 4.g3 Bb7 5.Bg2 Be7 6.O-O O-O 7.Nc3 Ne4 8.Qc2 Nxc3
9.Qxc3 c5 10.b3 Bf6 11.Bb2 cxd4 12.Nxd4 Bxg2 13.Kxg2 Nc6 14.Qd3 Nxd4 15.Bxd4 Bxd4
16.Qxd4 Qc7 17.Rfd1 Rfd8 18.Qd6 Qxd6 19.Rxd6 Kf8 20.Rad1 Ke7 21.e4 Rac8 22.Kf3 Rc6
23.Rxc6 dxc6 24.Rxd8 Kxd8 25.e5 c5 26.h4 h6 27.Kg4 g6 28.h5 Ke7 29.f4 Kf8
30.Kh4 Kg8 31.g4 Kg7 32.g5 hxg5+ 33.Kxg5 gxh5 34.Kxh5 f6 35.a3 a6 36.b4 fxe5
37.bxc5 bxc5 38.fxe5 Kh7 39.Kg5 Kg7 40.Kh5 Kh7 41.a4 a5  1/2-1/2

[Event "URS-ch sf"]
[Site "Tbilisi"]
[Date "1973.??.??"]
[Round "5"]
[White "Vasiukov, Evgeni"]
[Black "Dzindzichashvili, Roman"]
[Result "0-1"]
[WhiteElo "2560"]
[BlackElo "2520"]

1.e4 g6 2.d4 Bg7 3.Nf3 c6 4.c4 d5 5.exd5 cxd5 6.Nc3 Nf6 7.Bg5 O-O 8.Bxf6 Bxf6
9.cxd5 Bg4 10.Qd2 Bxf3 11.gxf3 Nd7 12.Bc4 Nb6 13.Bb3 Rc8 14.Qd3 Qd6 15.a3 Qc7
16.Nb5 Qf4 17.Rd1 Rc1 18.O-O Rxd1 19.Rxd1 Nxd5 20.Bxd5 Qg5+ 21.Kf1 Qxd5 22.Nxa7 Rd8
23.Nb5 Qh5 24.Kg2 Be5 25.h3 Qg5+ 26.Kf1 Qh4 27.Qe4 Qxh3+ 28.Ke2 Bf6 29.Qxb7 Qe6+
30.Qe4 Qa6 31.Qd3 Rb8 32.Nc3 Rxb2+ 33.Rd2 Qxa3 34.Rxb2 Qxb2+ 35.Kf1 Qb3 36.f4 Kg7
37.Qe3 Qc4+ 38.Ne2 Qd5 39.Kg1 e6 40.Kh2 h6 41.f3 Qa2 42.Qd3 Kf8 43.Kg3 h5
44.Kh3 Qa1 45.Kg2 h4 46.Qd2 Kg8 47.Kh2 Qf1 48.Ng1 Kg7 49.d5 exd5 50.Qxd5 Qf2+
51.Kh1 Bd4  0-1

[Event "URS-ch sf"]
[Site "Tbilisi"]
[Date "1973.??.??"]
[Round "8"]
[White "Dzindzichashvili, Roman"]
[Black "Gufeld, Eduard"]
[Result "1/2-1/2"]
[WhiteElo "2520"]
[BlackElo "2500"]

1.c4 Nf6 2.Nc3 g6 3.g3 Bg7 4.Bg2 O-O 5.d3 c6 6.e4 e6 7.e5 Ne8 8.Nf3 d6 9.d4 dxe5
10.dxe5 Qxd1+ 11.Kxd1 Nd7 12.Bf4 h6 13.h4 f6 14.Ke2 fxe5 15.Be3 Nd6 16.Bh3 Kf7
17.b3 Nf5 18.Rad1 c5 19.h5 Nd4+ 20.Bxd4 exd4 21.hxg6+ Kxg6 22.Ne4 b6 23.Bxe6  1/2-1/2

[Event "URS-ch sf"]
[Site "Tbilisi"]
[Date "1973.??.??"]
[Round "10"]
[White "Dzindzichashvili, Roman"]
[Black "Klovans, Janis"]
[Result "1-0"]
[WhiteElo "2520"]
[BlackElo "2480"]

1.c4 Nf6 2.g3 c6 3.Nf3 d5 4.Bg2 Bg4 5.O-O e6 6.b3 Be7 7.Bb2 O-O 8.d3 Nbd7
9.Nbd2 a5 10.a3 Re8 11.Qc2 e5 12.h3 Bxf3 13.Nxf3 Bd6 14.e3 Qe7 15.Rfc1 g6
16.h4 Ng4 17.Qe2 Ngf6 18.cxd5 cxd5 19.d4 e4 20.Nd2 Rec8 21.Qb5 Rxc1+ 22.Bxc1 b6
23.Nb1 Rc8 24.Qf1 Ng4 25.Bd2 Ndf6 26.Qd1 h5 27.Bh3 Qc7 28.Qe1 Qc2 29.Nc3 Qxb3
30.Rb1 Qc2 31.Nb5 Bf8 32.Rc1 Qa4 33.Rxc8 Qxb5 34.Qc1 Kg7 35.Bf1 Qd7 36.Rb8 Qd6
37.Rb7 Qe6 38.Be1 Nh6 39.Qb2 Nfg4 40.Rxb6 Qf5  1-0

[Event "URS-ch sf"]
[Site "Tbilisi"]
[Date "1973.??.??"]
[Round "13"]
[White "Osnos, Viatcheslav"]
[Black "Dzindzichashvili, Roman"]
[Result "0-1"]
[WhiteElo "2510"]
[BlackElo "2520"]

1.c4 Nf6 2.Nc3 e6 3.Nf3 b6 4.e4 Bb7 5.e5 Ne4 6.Qc2 Nxc3 7.Qxc3 c5 8.Be2 Nc6
9.b3 Be7 10.Bb2 d6 11.Qe3 dxe5 12.Nxe5 Bg5 13.f4 Bh4+ 14.Kf1 Nxe5 15.Bxe5 O-O
16.Rd1 Qe7 17.Kg1 Rad8 18.h3 Bf6 19.Kh2 Bxe5 20.fxe5 Rd4 21.Rhe1 Be4 22.d3 Bf5
23.Rf1 Rfd8 24.Rf4 Rxf4 25.Qxf4 Rd4 26.Qe3 Qd7 27.Kg1 Bg6 28.a3 h6 29.Kf2 Kh7
30.g4 Qd8 31.Kg3 Kg8 32.Kg2 b5 33.Qg3 a5 34.a4 bxa4 35.bxa4 Qd7 36.h4 Qxa4
37.Kf2 Qc2 38.h5 Bh7 39.g5 Bf5 40.gxh6 Bg4 41.Re1 Qd2 42.Kg1 Qg5 43.hxg7 Kxg7
44.Rf1 Qxh5 45.Rf2 Qg6 46.Rf6 Qg5 47.Rf2 a4 48.Rg2 a3 49.Bxg4 a2 50.Rxa2 Rxg4
51.Qxg4 Qxg4+ 52.Rg2 Qxg2+ 53.Kxg2 Kg6 54.d4 Kf5 55.dxc5 Kxe5 56.Kf3 Kf6
57.Ke4 Ke7  0-1

[Event "URS-ch sf"]
[Site "Tbilisi"]
[Date "1973.??.??"]
[Round "14"]
[White "Dzindzichashvili, Roman"]
[Black "Zilberstein, Valery I"]
[Result "1/2-1/2"]
[WhiteElo "2520"]
[BlackElo "2470"]

1.c4 Nf6 2.Nc3 d5 3.cxd5 Nxd5 4.g3 g6 5.Bg2 Nb6 6.Nf3 Bg7 7.O-O O-O 8.d4 Nc6
9.Bf4 Be6 10.Qc1 Nd5 11.Bh6 Nxc3 12.bxc3 Bd5 13.Re1 Bxf3 14.Bxg7 Kxg7 15.Bxf3 Qd6
16.Qb2 Rab8 17.Qb5 a6 18.Qc4 Na5 19.Qa4 Nc6 20.Bxc6 Qxc6 21.Qxc6 bxc6 22.Reb1 a5
23.Rb3 Rb6 24.Ra3 Ra8 25.Ra4 e6 26.e3 Kf6 27.Rc4 Ke7 28.a4 Kd7 29.Ra2 Rab8
30.Rc5 Rb1+ 31.Kg2 Rc1 32.g4 Rb3 33.Rxa5 Rbxc3 34.Ra8 c5 35.dxc5 R1c2 36.Rxc2  1/2-1/2

[Event "URS-ch sf"]
[Site "Tbilisi"]
[Date "1973.??.??"]
[Round "15"]
[White "Kuindzhi, Alexander"]
[Black "Dzindzichashvili, Roman"]
[Result "0-1"]
[WhiteElo "2200"]
[BlackElo "2520"]

1.e4 c5 2.Nf3 e6 3.d4 cxd4 4.Nxd4 a6 5.c4 Nf6 6.Nc3 Bb4 7.Qf3 d6 8.Nc2 Bc5
9.Bf4 Nc6 10.h3 Ne5 11.Qe2 O-O 12.O-O-O Qc7 13.Qd2 Ne8 14.Kb1 Ba7 15.b3 f6
16.Be3 Bxe3 17.Qxe3 Rb8 18.f4 Nc6 19.Be2 Qf7 20.Qb6 f5 21.exf5 Qxf5 22.Rhf1 Qc5
23.Na4 Qxb6 24.Nxb6 Kf7 25.Bg4 g6 26.Nxc8 Rxc8 27.Rfe1 Nd8 28.Nd4 Ng7 29.Nf3 Ke7
30.Ng5 h5 31.Bf3 Rxf4 32.Ne4 Ne8 33.Rd4 Rc7 34.Red1 Nc6 35.R4d2 Ne5 36.Nxd6 Nxd6
37.Rxd6 Nxf3 38.gxf3 Rxf3 39.h4 Rf4 40.Rb6 Rxh4 41.Re1 Kf7 42.Rbxe6 Rf4 43.Kb2 h4
44.Kc3 Kg7 45.Kb4 Rf5 46.a4 a5+ 47.Kc3 g5 48.Kd4 Rd7+ 49.Ke4 Rf6 50.Re5 Rf4+
51.Ke3 Kf6  0-1

[Event "URS-ch sf"]
[Site "Tbilisi"]
[Date "1973.??.??"]
[Round "16"]
[White "Dzindzichashvili, Roman"]
[Black "Tseshkovsky, Vitaly"]
[Result "1-0"]
[WhiteElo "2520"]
[BlackElo "2520"]

1.Nf3 Nf6 2.g3 d5 3.c4 e6 4.Bg2 Be7 5.O-O O-O 6.b3 c5 7.Bb2 Nc6 8.e3 b6 9.Nc3 dxc4
10.bxc4 Bb7 11.d3 Rc8 12.Qe2 Qc7 13.Rad1 a6 14.Ne1 Na7 15.f4 b5 16.g4 Rb8
17.g5 Ne8 18.cxb5 axb5 19.Ne4 Rd8 20.Nf3 Bd5 21.Ne5 f6 22.gxf6 Nxf6 23.Ng5 Qb6
24.Kh1 Bxg2+ 25.Qxg2 Nd5 26.Rf3 Bxg5 27.Qxg5 Qb7 28.Rg1 Nxe3 29.Qh6 Nf5 30.Qxe6+ Kh8
31.Rxg7 Nxg7 32.Kg1 Rd4 33.Bxd4 cxd4 34.Qh6 Kg8 35.Rh3 Nf5 36.Qe6+ Kg7 37.Nd7 Qc8
38.Nxf8 Qc1+ 39.Kg2 Qd2+ 40.Kg1 Qd1+ 41.Kf2  1-0

[Event "URS-chT"]
[Site "Riga"]
[Date "1975.??.??"]
[Round "?"]
[White "Dzindzichashvili, Roman"]
[Black "Savon, Vladimir A"]
[Result "1-0"]
[WhiteElo "2525"]
[BlackElo "2575"]

1.Nf3 c5 2.g3 g6 3.Bg2 Bg7 4.O-O Nc6 5.d3 e6 6.e4 Nge7 7.c3 d5 8.exd5 exd5
9.Nbd2 O-O 10.Nb3 b6 11.Bf4 h6 12.h4 Bf5 13.Re1 Kh7 14.Ne5 Nxe5 15.Bxe5 f6
16.Bf4 Qd7 17.g4 g5 18.gxf5 gxf4 19.Qh5 Qe8 20.Qe2 Nxf5 21.Qg4 Ne7 22.Qxf4 f5
23.d4 c4 24.Nd2 Rd8 25.Nf3 Qf7 26.Kf1 Ng6 27.Qh2 Rfe8 28.h5 Nf8 29.Ne5 Qf6
30.f4 Re7 31.Bf3 b5 32.a3 a5 33.Re2 Rb7 34.Rae1 b4 35.Qh1 bxc3 36.bxc3 Qd6
37.Nxc4 Qxf4 38.Rf2 Qg3 39.Ne3 Re8 40.Qg2 f4 41.Qxg3 fxg3 42.Rfe2 Rb3 43.Nxd5 Rxe2
44.Rxe2 Rxa3 45.Kg2 Ra1 46.Re7 Kg8 47.Ra7 Ne6 48.Ne7+ Kf7 49.Ng6+ Kf6 50.Ra6 Kf5
51.Kxg3 Nf8 52.Ra7 Nxg6 53.Rxg7 Nf4 54.Bg4+ Kf6 55.Rc7 Nd5 56.Rc5 Ne7 57.Kf4 a4
58.Ra5 Rc1 59.Ra6+ Kg7 60.Be6 Rxc3 61.d5 Kf6 62.Bf5+ Kf7 63.Be4 Ng8 64.Ke5 Rc8
65.Bg6+ Kf8 66.d6  1-0

[Event "Haifa ol (Men)"]
[Site "Haifa"]
[Date "1976.??.??"]
[Round "?"]
[White "Martin Gonzalez, Angel"]
[Black "Dzindzichashvili, Roman"]
[Result "0-1"]
[WhiteElo "2200"]
[BlackElo "2525"]

1.e4 d6 2.d4 Nf6 3.Nc3 g6 4.f4 Bg7 5.Nf3 O-O 6.e5 dxe5 7.dxe5 Qxd1+ 8.Kxd1 Nh5
9.Bc4 Bg4 10.Ke2 Nc6 11.Be3 g5 12.fxg5 Bxe5 13.Kf2 Bxf3 14.gxf3 Rad8 15.Rad1 Nf4
16.Rxd8 Rxd8 17.Rd1 Rxd1 18.Nxd1 Kg7 19.Nc3 Nh3+ 20.Kg2 Nf4+ 21.Kf2 e6 22.Bxf4 Bxf4
23.h4 Ne5 24.Bf1 Ng6 25.Ne2 e5 26.h5 Nf8 27.Nxf4 exf4 28.Kg2 f6 29.h6+ Kg6
30.gxf6 Kxf6 31.Kh3 Kg5 32.Bd3 b6 33.Be4 a5 34.c3 c5 35.a3 Nd7 36.Bxh7 Kxh6
37.Bf5 Ne5 38.b4 Kg5 39.Be4 Nc4 40.bxa5 bxa5 41.a4 Ne3 42.Bc6 Nd1 43.c4 Nf2+
44.Kg2 Nd3 45.Kh3 Kf6 46.Bb5 Kf5 47.Kh4 Ne5  0-1

[Event "Haifa ol (Men)"]
[Site "Haifa"]
[Date "1976.??.??"]
[Round "?"]
[White "Dzindzichashvili, Roman"]
[Black "Stean, Michael"]
[Result "1/2-1/2"]
[WhiteElo "2525"]
[BlackElo "2420"]

1.c4 Nf6 2.Nf3 g6 3.g3 Bg7 4.Bg2 d5 5.cxd5 Nxd5 6.d4 Nb6 7.Nc3 Nc6 8.O-O O-O
9.Bf4 Nxd4 10.Nxd4 e5 11.Nc6 Qxd1 12.Ne7+ Kh8 13.Rfxd1 exf4 14.Nxc8 Raxc8
15.Bxb7 Rb8 16.Ba6 Bxc3 17.bxc3 fxg3 18.hxg3 Na4 19.Rd5 Rb2 20.Kf1 Nxc3 21.Rd7 Rxa2
22.Rxa2 Nxa2 23.Bc4 Nc3 24.Bxf7 Ne4 25.Rxc7  1/2-1/2

[Event "IBM"]
[Site "Amsterdam"]
[Date "1978.??.??"]
[Round "6"]
[White "Browne, Walter S"]
[Black "Dzindzichashvili, Roman"]
[Result "1/2-1/2"]
[WhiteElo "2550"]
[BlackElo "2550"]

1.d4 Nf6 2.c4 e6 3.Nf3 b6 4.g3 Bb7 5.Bg2 Be7 6.O-O O-O 7.Nc3 Ne4 8.Bd2 f5
9.d5 Bf6 10.Rc1 Na6 11.Be1 Nac5 12.Nd4 Qe7 13.Ndb5 a6 14.Nxc7 Bxc3 15.Bxc3 Rac8
16.b4 Rxc7 17.bxc5 Nxc3 18.d6 Qf6 19.Rxc3 Rxc5 20.Rb3 Bxg2 21.Kxg2 Rc6 22.f4 Qd8
23.Qd4 Qa8 24.Kf2 Rfc8 25.Rc1 b5 26.c5 Qb8 27.Rbc3 b4 28.Rc4 a5 29.h3 Rf8  1/2-1/2

[Event "IBM"]
[Site "Amsterdam"]
[Date "1978.??.??"]
[Round "8"]
[White "Nikolac, Juraj"]
[Black "Dzindzichashvili, Roman"]
[Result "0-1"]
[WhiteElo "2495"]
[BlackElo "2550"]

1.d4 Nf6 2.c4 e6 3.Nf3 b6 4.e3 Bb7 5.Bd3 d5 6.O-O Nbd7 7.b3 Bd6 8.Bb2 O-O
9.Qe2 a6 10.Nbd2 Ne4 11.Rad1 Qe7 12.Bb1 f5 13.Ne5 Nxe5 14.dxe5 Bb4 15.Nf3 dxc4
16.Qxc4 b5 17.Qc1 c5 18.Ne1 c4 19.bxc4 Rac8 20.Bd3 bxc4 21.Bxe4 fxe4 22.Nc2 Bc5
23.Bd4 Bd5 24.Qd2 Bxd4 25.Qxd4 c3 26.Qa4 Bc4 27.Nd4 Bxf1 28.Rxf1 Qc5 29.Rc1 Qxe5
30.Qxa6 Qf6 31.Qe2 Rfd8 32.h3 e5 33.Nb3 Qd6 34.Qg4 Qd5 35.Kh2 c2 36.Qe2 Qc4
37.Qh5 Qa6 38.Qxe5 Qxa2 39.Nc5 Qd5 40.Qxd5+ Rxd5  0-1

[Event "IBM"]
[Site "Amsterdam"]
[Date "1978.??.??"]
[Round "10"]
[White "Timman, Jan H"]
[Black "Dzindzichashvili, Roman"]
[Result "1/2-1/2"]
[WhiteElo "2585"]
[BlackElo "2550"]

1.e4 d6 2.d4 Nf6 3.Nc3 g6 4.f4 Bg7 5.Nf3 O-O 6.Bd3 Na6 7.e5 Nd7 8.Ng5 dxe5
9.fxe5 Nb6 10.Bxa6 bxa6 11.Nge4 f6  1/2-1/2

[Event "IBM"]
[Site "Amsterdam"]
[Date "1978.??.??"]
[Round "11"]
[White "Dzindzichashvili, Roman"]
[Black "Ljubojevic, Ljubomir"]
[Result "1-0"]
[WhiteElo "2550"]
[BlackElo "2605"]

1.Nf3 Nf6 2.d4 c5 3.c3 e6 4.Bg5 h6 5.Bxf6 gxf6 6.e3 Rg8 7.g3 d5 8.Nbd2 Nc6
9.Bd3 e5 10.dxe5 fxe5 11.e4 d4 12.Bc4 Be6 13.Bxe6 fxe6 14.Qb3 Qd7 15.Nc4 Bg7
16.O-O O-O-O 17.Qb5 Qe7 18.cxd4 exd4 19.Rac1 Kb8 20.Ncd2 d3 21.Qxc5 Bxb2
22.Qxe7 Nxe7 23.Rb1 Bg7 24.Rb3 b6 25.Rc1 Kb7 26.Ne1 Nc6 27.Kg2 Na5 28.Rbb1 Rd4
29.Rd1 Rgd8 30.e5 Ra4 31.Nb3 Nxb3 32.axb3 Rad4 33.f4 Bf8 34.Nf3 Re4 35.Ne1 Re2+
36.Kf3 Bc5 37.b4 Re3+ 38.Kg4 Be7 39.Rb3 Re4 40.Rbxd3 Rxd3 41.Nxd3 Bxb4 42.Nxb4 Rxb4
43.Kh5 a5 44.Kg6 a4 45.Kf6 b5 46.Kxe6 Rc4 47.f5 Rc6+ 48.Kd5 Kc7 49.f6 Kd7
50.Rf1 Rc8 51.e6+ Ke8 52.Kd6 Kf8 53.f7 Rd8+ 54.Ke5 Rd2 55.e7+  1-0

[Event "IBM"]
[Site "Amsterdam"]
[Date "1978.??.??"]
[Round "12"]
[White "Langeweg, Kick"]
[Black "Dzindzichashvili, Roman"]
[Result "1/2-1/2"]
[WhiteElo "2450"]
[BlackElo "2550"]

1.Nf3 Nf6 2.c4 c5 3.Nc3 Nc6 4.e3 e6 5.d4 d5 6.cxd5 exd5 7.Be2 cxd4 8.Nxd4 Bd6
9.O-O O-O 10.Nf3 Re8 11.b3 Ne4 12.Bb2 Ba3 13.Qc1 Bxb2 14.Qxb2 Nxc3 15.Qxc3 d4
16.Qc5 dxe3 17.fxe3 Qe7 18.Qxe7 Rxe7 19.Kf2 Bg4 20.h3 Bh5 21.Nd4 Nxd4 22.Bxh5 Nc2
23.Rac1 Nb4 24.Rc4 Nd3+ 25.Ke2 Ne5 26.Rc3 g6 27.Bf3 Rd8 28.Rfc1 Red7 29.R1c2 Kg7
30.b4 Kf6 31.Rc7 b6 32.R7c3 h5 33.Bc6 Rd1 34.Ra3 Rb1 35.Rxa7 Rxb4 36.Ba4 Rb1
37.Bb3 Rdd1 38.Kf2 Rg1 39.Kg3 Rgf1 40.Rb7 g5  1/2-1/2

[Event "IBM"]
[Site "Amsterdam"]
[Date "1978.??.??"]
[Round "13"]
[White "Dzindzichashvili, Roman"]
[Black "Hort, Vlastimil"]
[Result "1/2-1/2"]
[WhiteElo "2550"]
[BlackElo "2620"]

1.e4 e5 2.Nf3 Nc6 3.Bc4 Bc5 4.c3 Nf6 5.d4 exd4 6.cxd4 Bb4+ 7.Bd2 Bxd2+ 8.Nbxd2 d5
9.exd5 Nxd5 10.O-O O-O  1/2-1/2

[Event "Buenos Aires ol (Men)"]
[Site "Buenos Aires"]
[Date "1978.??.??"]
[Round "?"]
[White "Portisch, Lajos"]
[Black "Dzindzichashvili, Roman"]
[Result "1-0"]
[WhiteElo "2630"]
[BlackElo "2550"]

1.Nf3 b6 2.g3 Bb7 3.Bg2 e5 4.d3 g6 5.e4 Bg7 6.h4 h5 7.c4 Ne7 8.Nc3 c5 9.a3 Nbc6
10.Rb1 Nd4 11.Nxd4 cxd4 12.Nd5 Nxd5 13.exd5 d6 14.O-O O-O 15.b4 Bc8 16.a4 Bg4
17.Qc2 Qd7 18.Kh2 f5 19.f3 f4 20.fxg4 fxg3+ 21.Kg1 Rxf1+ 22.Bxf1 Rf8 23.Qg2 Qxg4
24.Bg5 Rf2 25.Qe4 Qd7 26.Qxg6 Qxa4  1-0

[Event "Buenos Aires ol (Men)"]
[Site "Buenos Aires"]
[Date "1978.??.??"]
[Round "?"]
[White "Petrosian, Tigran V"]
[Black "Dzindzichashvili, Roman"]
[Result "1/2-1/2"]
[WhiteElo "2620"]
[BlackElo "2550"]

1.d4 d5 2.c4 dxc4 3.Nf3 Nf6 4.e3 Bg4 5.Bxc4 e6 6.Nc3 a6 7.h3 Bh5 8.g4 Bg6
9.Ne5 Nbd7 10.Nxg6 hxg6 11.g5 Nd5 12.Nxd5 exd5 13.Bxd5 c6 14.Bb3 Qxg5 15.Qf3 Bb4+
16.Bd2 Bxd2+ 17.Kxd2 Qf5 18.Qxf5 gxf5 19.Ke2 Nf6 20.Rac1 Rd8 21.Rc5 g6 22.Kf3 Kf8
23.Kg2 Kg7 24.Bd1 Rhe8 25.Kf3 Ne4 26.Rc2 Rd6 27.Re2 Ng5+ 28.Kg3 Ne6 29.f4 c5
30.dxc5 Nxc5 31.Bc2 Rc8 32.Kf3 Rb6 33.Rb1 Rh8 34.Kg2 Rd6 35.Rc1  1/2-1/2

[Event "Buenos Aires ol (Men)"]
[Site "Buenos Aires"]
[Date "1978.??.??"]
[Round "?"]
[White "Giffard, Nicolas"]
[Black "Dzindzichashvili, Roman"]
[Result "1/2-1/2"]
[WhiteElo "2365"]
[BlackElo "2550"]

1.d4 Nf6 2.c4 e6 3.Nc3 Bb4 4.g3 c5 5.Nf3 d6 6.Bg2 Nc6 7.O-O Bxc3 8.bxc3 O-O
9.dxc5 dxc5 10.Bf4 Qxd1 11.Rfxd1 Nd7 12.Bc7 Nb6  1/2-1/2

[Event "Buenos Aires ol (Men)"]
[Site "Buenos Aires"]
[Date "1978.??.??"]
[Round "?"]
[White "Garcia Gonzales, Guillermo"]
[Black "Dzindzichashvili, Roman"]
[Result "0-1"]
[WhiteElo "2535"]
[BlackElo "2550"]

1.c4 Nf6 2.Nc3 e6 3.Nf3 b6 4.g3 Bb7 5.Bg2 Be7 6.O-O O-O 7.b3 c5 8.d4 cxd4
9.Qxd4 Nc6 10.Qd2 d5 11.cxd5 exd5 12.Qd1 Re8 13.Bb2 Bc5 14.a3 a5 15.Nb5 Ne4
16.Nbd4 Nxd4 17.Nxd4 Qf6 18.Ra2 Rac8 19.Ba1 Rcd8 20.e3 Qg6 21.Qb1 Ba6 22.Re1 a4
23.b4 Bxd4 24.Bxd4 Bc4 25.Rb2 b5 26.f3 Nd6 27.Qxg6 hxg6 28.Bc5 Nb7 29.Bb6 Rd6
30.Bd4 g5 31.g4 Rde6 32.Rc2 Nd8 33.Kf2 Nc6 34.Rd2 Rh6 35.h3 Rhe6 36.Bb2 f6
37.Rdd1 Ne5 38.Bxe5 fxe5 39.Bf1 Rd8 40.Bd3 Rf6 41.Kg2 Kf7 42.Bb1 Rc6 43.Rc1 Rdc8
44.Kg3 Ke7 45.h4 gxh4+ 46.Kxh4 Rh8+ 47.Kg5 Rh3 48.f4 e4 49.Ba2 Rd6 50.Bxc4 dxc4
51.f5 Rd3 52.Kg6 Kf8 53.Rh1 Rdxe3 54.Rcd1 Rxh1 55.Rxh1 c3 56.g5 c2 57.Rh8+ Ke7
58.Rc8 Re2 59.Kxg7 Rf2 60.f6+ Kd7 61.Rc3 e3 62.Rd3+ Kc6 63.Rc3+ Kd5 64.g6 Kd4
65.Rc6 Kd3 66.Rd6+ Kc3  0-1

[Event "Buenos Aires ol (Men)"]
[Site "Buenos Aires"]
[Date "1978.??.??"]
[Round "?"]
[White "Dzindzichashvili, Roman"]
[Black "Westerinen, Heikki MJ"]
[Result "1-0"]
[WhiteElo "2550"]
[BlackElo "2450"]

1.Nf3 Nf6 2.d4 g6 3.c4 Bg7 4.Nc3 O-O 5.Bf4 d6 6.e3 Nc6 7.Be2 h6 8.h3 a6 9.Bh2 Qe8
10.O-O e5 11.dxe5 Nxe5 12.Nd4 Nc6 13.Nxc6 Qxc6 14.Rc1 Qb6 15.c5 dxc5 16.Na4 Qa5
17.Rxc5 b5 18.Bf3 Ra7 19.Nc3 Qb4 20.Qd4 Qxd4 21.exd4 Ne8 22.Nd5 Bb7 23.Ne7+ Kh7
24.Bxb7 Rxb7 25.Nc6 Nd6 26.Rfc1 Nf5 27.Be5 Re8 28.g4 Nd6 29.Na5 Ra7 30.f4 Raa8
31.Rxc7 Rad8 32.Nc6  1-0

[Event "Buenos Aires ol (Men)"]
[Site "Buenos Aires"]
[Date "1978.??.??"]
[Round "?"]
[White "Dzindzichashvili, Roman"]
[Black "Schmidt, Wlodzimierz"]
[Result "1-0"]
[WhiteElo "2550"]
[BlackElo "2505"]

1.Nf3 Nf6 2.g3 g6 3.b3 Bg7 4.Bb2 d5 5.c4 c6 6.Bg2 Bg4 7.O-O O-O 8.d3 Bxf3
9.Bxf3 Nbd7 10.Nd2 e6 11.Qc2 Qe7 12.Bg2 Rfd8 13.a3 a5 14.d4 b5 15.a4 b4 16.Rac1 Qf8
17.Qd3 c5 18.e3 cxd4 19.exd4 dxc4 20.Nxc4 Ra7 21.Rfe1 Rc8 22.Ne3 Rd8 23.d5 Nxd5
24.Bxg7 Qxg7 25.Nxd5 exd5 26.Qxd5 Qf8 27.Qd4 Ra6 28.Red1 Re6 29.Bh3 Re7 30.Rc7  1-0

[Event "Buenos Aires ol (Men)"]
[Site "Buenos Aires"]
[Date "1978.??.??"]
[Round "?"]
[White "Dzindzichashvili, Roman"]
[Black "Kavalek, Lubomir"]
[Result "1/2-1/2"]
[WhiteElo "2550"]
[BlackElo "2570"]

1.Nf3 Nf6 2.g3 g6 3.b3 Bg7 4.Bb2 O-O 5.Bg2 d6 6.d4 c6 7.O-O Qa5 8.Nbd2 Qh5
9.e4 Bg4 10.e5 dxe5 11.dxe5 Nfd7 12.Re1 Na6 13.Nc4 Rad8 14.Qe2 Nb4 15.Ne3 Nxe5
16.Nxg4 Nxg4 17.Bxg7 Kxg7 18.Qc4 Qb5 19.Qxg4 Nxc2 20.Re5 Rd5 21.Rxd5 Qxd5
22.Ne1 Qd4 23.Qxd4+ Nxd4 24.Rd1 Rd8 25.Kf1 Rd6 26.Nf3 Nc2 27.Rxd6 exd6 28.Ke2 Nb4
29.a3 Nc2 30.a4 a5 31.Nd2 d5 32.Nf3 f6 33.h4 h5 34.Kd2 Nb4 35.Ne1 Kf7 36.f3 f5
37.Nd3 Na6 38.Nf4 Kf6 39.Bf1 Nb8 40.Kd3 Nd7 41.Kd4 b6 42.Nxd5+ cxd5 43.Kxd5 g5
44.Kc6 Ne5+ 45.Kxb6 Nxf3 46.Kxa5 Nd2 47.hxg5+ Kxg5 48.Bg2 Kg4 49.Kb6 Kxg3
50.a5 Kxg2 51.a6 h4 52.a7 h3 53.a8=Q+ Ne4 54.Qg8+ Ng3 55.Qd5+ Kf2 56.Qd2+ Kg1  1/2-1/2